Statistics for Countries A-Z Furthest Away from the Equator

Click here to take the quiz!

General Stats

  • This quiz has been taken 26 times
  • The average score is 20 of 24

Answer Stats

LetterLatitude of point closest to EquatorCountry% Correct
N54°25′Norway (Bouvet Island)
96%
O16°39′Oman
96%
Q24°28′Qatar
96%
S55°20′Sweden
96%
Z15°37′Zimbabwe
96%
F59°30′Finland
92%
Y12°06′Yemen
92%
D54°34′Denmark
88%
I63°17′Iceland
88%
L55°40′Latvia
88%
P49°00′Poland
88%
E57°31′Estonia
84%
H45°45′Hungary
80%
U44°23′Ukraine
80%
V41°54′Vatican City
80%
A46°23′Austria
76%
G47°17′Germany
76%
K41°48′Kosovo
76%
R43°38′Romania
76%
B51°15′Belarus
72%
J29°11′Jordan
72%
C48°33′Czechia
68%
T36°40′Tajikistan
60%
M45°28′Moldova
48%

Score Distribution

Percentile by Number Answered

Percent of People with Each Score

Your Score History

You have not taken this quiz